000 01135nam a2200313 i 4500
003 EG-GICUC
005 20260423155944.0
008 260423s1964 -na |||fr|||| 00| 0 eng d
040 _aEG-GiCUC
_bfre
_cEG-GiCUC
_dEG-GiCUC
_erda
082 0 4 _221
_a343.7
_bIN . S
092 0 4 _221
099 _aLaw1 10 343.7 IN . S 1964
110 _kThe International Penal and Penitentiary Foundation
_eAuthor.
245 1 0 _aStudies in Penology Dedicated to the Memory of Sir Lionel Fox, C.b., M.с /
_cThe International Penal and Penitentiary Foundation, Edited By Manuel Lopez-rey, Charles Germain.
264 3 _aNetherlands :
_bThe Hague - Martinus Nijhoff,
_c1964.
300 _aVi - Xi, 243 pages :
_c24 cm.
336 _2rda content
_atext
337 _2rda media
_aComputer
338 _2rda carrier
_aOnline Resource
546 _aText in English
650 1 _aCriminology
_2qrmak
650 1 _aCriminal Law
_2qrmak
651 1 _2qrmak
700 1 _aRey, Manuel Lopez
_eeditor.
700 1 _aGermain, Charles
_eeditor.
856 4 0 _uhttps://fll.law.cu.edu.eg/fulltext/bks/B10-10676.pdf
905 _a54
942 _2ddc
_cBK
_e21
_n0
999 _c73173
_d73173